[Event "Bergamo op"]
[Site "Bergamo"]
[Date "2007.10.26"]
[Round "4"]
[White "Bertoletti, Vincenzo"]
[Black "Giuliani, Andrea"]
[Result "0-1"]
[WhiteElo "1523"]
[BlackElo "1565"]
[PlyCount "69"]
[EventDate "2007.10.05"]
[EventType "swiss"]
[EventRounds "7"]
[EventCountry "ITA"]
[SourceTitle "EXT 2009"]
[Source "ChessBase"]
[SourceDate "2008.11.26"]
[SourceVersion "1"]
[SourceVersionDate "2008.11.26"]
[SourceQuality "1"]

1. d4 Nf6 2. c4 g6 3. Nc3 Bg7 4. e4 d6 5. f3 0-0 6. Be3 c6 7. Qd2 e5 8. Nge2 Na6 9. 0-0-0 Qa5 10. Bh6 b5 11. Bxg7 Kxg7 12. Ng3 b4 13. Nb1 Qxa2 14. Qg5 Qa5 15. Nh5+ Nxh5 16. g4 Nf4 17. h4 Qd8 18. Qxd8 Rxd8 19. dxe5 d5 20. cxd5 cxd5 21. h5 Bb7 22. hxg6 hxg6 23. exd5 Rac8+ 24. Kd2 Rxd5+ 25. Ke3 Rxd1 26. Kxf4 Rxb1 27. Bxa6 Rxh1 28. Bxb7 Rb8 29. Bd5 Rh2 30. b3 a5 31. Kg3 Ra2 32. g5 a4 33. bxa4 Rxa4 34. f4 b3 35. Kg4 0-1

[Event "Pedavena op-B 1st"]
[Site "Pedavena"]
[Date "2005.08.05"]
[Round "4"]
[White "Giuliani, Andrea"]
[Black "Chiesa, Roberto"]
[Result "1/2-1/2"]
[WhiteElo "1523"]
[BlackElo "1682"]
[PlyCount "39"]
[EventDate "2005.08.03"]
[EventType "swiss"]
[EventRounds "6"]
[EventCountry "ITA"]
[SourceTitle "EXT 2023"]
[Source "ChessBase"]
[SourceDate "2022.10.05"]
[SourceVersion "1"]
[SourceVersionDate "2022.10.05"]
[SourceQuality "1"]

1. f4 Nf6 2. Nf3 c5 3. e3 g6 4. b3 Bg7 5. Bb2 0-0 6. Be2 d6 7. 0-0 Nc6 8. a3 Qc7 9. Nc3 a6 10. a4 Nb4 11. Na2 Nbd5 12. c4 Nb6 13. Qc2 Bf5 14. Bd3 Bxd3 15. Qxd3 d5 16. Qc2 dxc4 17. bxc4 Rfd8 18. Rab1 Nc8 19. Be5 Nd6 20. Nc3 1/2-1/2